Inside IB and RAW : (Record no. 170101)
[ view plain ]
| 000 -LEADER | |
|---|---|
| fixed length control field | 00630nam a22001935a 4500 |
| 005 - DATE AND TIME OF LATEST TRANSACTION | |
| control field | 20191211102906.0 |
| 010 ## - LCCN (DPL NO) | |
| LC control number | B-731122 |
| 020 ## - INTERNATIONAL STANDARD BOOK NUMBER | |
| International Standard Book Number | 9788170493051 |
| Terms of availability | 495.00 |
| 035 ## - SYSTEM CONTROL NUMBER | |
| System control number | B-731122 |
| 037 ## - SOURCE OF ACQUISITION | |
| Stock number | dpl |
| Source of stock number/acquisition | DBAD/Pub |
| 082 ## - DEWEY DECIMAL CLASSIFICATION NUMBER | |
| Edition number | 363.2092 |
| 100 ## - MAIN ENTRY--PERSONAL NAME | |
| Personal name | Sankaran Nair, K. |
| 245 ## - TITLE STATEMENT | |
| Title | Inside IB and RAW : |
| Remainder of title | the rolling stone that gathered moss / |
| Statement of responsibility, etc | by K. Sankaran Nair. |
| 260 ## - PUBLICATION, DISTRIBUTION, ETC. (IMPRINT) | |
| Place of publication, distribution, etc | New Delhi : |
| Name of publisher, distributor, etc | Manas Publications, |
| Date of publication, distribution, etc | 2008. |
| 300 ## - PHYSICAL DESCRIPTION | |
| Extent | 235 p. ; |
| Dimensions | 23 cm(Hb) |
| 500 ## - GENERAL NOTE | |
| General note | Includes index |
| 942 ## - ADDED ENTRY ELEMENTS (KOHA) | |
| Source of classification or shelving scheme | Dewey Decimal Classification |
| Item type | English Books |
| Call number suffix | SAN |
| Classification part | 363.2090 |
| Withdrawn status | Lost status | Not for loan | Collection code | Home library | Current library | Date acquired | Source of acquisition | Cost, normal purchase price | Full call number | Barcode | Copy number | Cost, replacement price | Koha item type |
|---|---|---|---|---|---|---|---|---|---|---|---|---|---|
| Non-fiction | Kadipur | Kadipur | 11/12/2019 | Gift/ Eng./13.11.2019 | 495.00 | 363.2090 SAN | B-731122 | 1 | 495.00 | English Books |
